MARC

LEADER 00000nam0a2200000 4500
001 367488
005 20231102012004.0
035 |a (RuTPU)RU\TPU\retro\24851 
090 |a 367488 
100 |a 20220315d1980 km y0rusy50 ca 
101 0 |a rus 
102 |a RU 
105 |a a z 001zy 
200 1 |a Обогащение руд и проблема безотходной технологии  |f Академия наук СССР, Кольский филиал, Горный институт ; под ред. И. А. Турчанинова 
210 |a Ленинград  |c Наука  |d 1980 
215 |a 208 с.  |c ил. 
320 |a Библиогр.: с. 195-205 
606 1 |a Обогащение  |x Горное дело  |2 stltpush  |3 (RuTPU)RU\TPU\subj\46453  |9 65593 
610 1 |a руды 
610 1 |a безотходная технология 
610 1 |a экспериментальные исследования 
610 1 |a вещественный состав 
610 1 |a технологические схемы 
610 1 |a апатитовое сырье 
610 1 |a медно-никелевые руды 
610 1 |a ильменит-магнетитовые руды 
610 1 |a Вермикулитовая руда 
610 1 |a флотационные реагенты 
675 |a 622.7  |v 4 
702 1 |a Турчанинов  |b И. А.  |4 340 
712 0 2 |a Академия наук СССР  |b Кольский филиал  |b Горный институт  |c (Апатиты, Мурманская обл.)  |c (1972-1991)  |2 stltpush  |3 (RuTPU)RU\TPU\col\19364  |9 27456 
801 1 |a RU  |b 63413507  |c 20220315 
801 2 |a RU  |b 63413507  |c 20221229  |g RCR 
942 |c BK